Město z peřin

Hlavní autor: Mišík, Vladimír, 1947-
Korporativní autor: Etc... (hudební skupina)
Jazyk: Čeština
Vydáno: Praha : Bonton Music, p1996
Témata:
Fyzický popis: 1 MC + 1 brožura [14 s.].
Zvukové nahrávky
Uloženo v:
LEADER 01408njm a2200445 a 4500
001 000294206
003 CZ BrMZK
005 79950101143423.0
008 950101s1996 xr f cze d
028 0 3 |a 71 0475-4  |b Bonton Music 
040 |a BOA001  |b cze 
080 |a 784.4.03(086.7)  |2 MRF 
100 1 |a Mišík, Vladimír,  |d 1947-  |7 jn19990209554  |4 prf 
245 1 0 |a Město z peřin  |h [zvukový záznam] /  |c Vladimír Mišík a ETC band. 
246 3 3 |a Co jsem si vzal- 
246 3 3 |a Děvenko hele 
246 3 3 |a Kdo dnes příjde 
246 3 3 |a Když někoho mám rád 
246 3 3 |a Konec básníka 
246 3 3 |a Letní čas 
246 3 3 |a Město z peřin 
246 3 3 |a Pod Štvanickým mostem 
246 3 3 |a Sedíš vedle mě 
246 3 3 |a Slova 
246 3 3 |a Vodovod 
246 3 3 |a Za vodou 
246 3 3 |a Zora zase hledá 
246 3 3 |a Čekání 
260 |a Praha :  |b Bonton Music,  |c p1996 
300 |a 1 MC +  |e 1 brožura [14 s.]. 
500 |a Nahr. neuv 
500 |a Durata neuv 
500 |a Texty písní v brožuře 
505 2 |a Pod Štvanickým mostem, Město z peřin, Když někoho mám rád...[et al] 
653 0 |a rocková hudba 
710 2 |a Etc... (hudební skupina)  |7 ko2002101299 
910 |a BOA001  |b KZ-0005.920 
964 |a Hudba rocková  |x MC 
990 |a AV 
996 6 |b 261H006149  |c KZ-0005.920  |l MZK  |r Sklad / do 24 hodin  |n 0  |p p.v.  |w 000294206  |u 000010  |a 1  |e BOA001  |j MZK50  |s P